000 00322nam a2200121Ia 4500
005 20260326100028.0
008 260326s9999||||xx |||||||||||||| ||und||
100 _aVillegas, Benjamín
245 0 _aBogotá Desde el Aire /
_cBenjamín Villegas
260 _bVillegas Editores
650 _aARQUITECTURA REGIONAL
942 _cBK
999 _c6504
_d6504